| 000 | 00894nam a2200217 i 4500 | ||
|---|---|---|---|
| 001 | 138751 | ||
| 003 | ES-MaACL | ||
| 005 | 20250821153454.0 | ||
| 007 | t| | ||
| 008 | 070214s1985 sp r ||||1| spa d | ||
| 100 | 1 |
_aSantos, Tomás. _9103490 |
|
| 245 | 1 | 0 |
_aGuía de las aves invernantes en la Sierra de Madrid / _c[autores, Tomás Santos, José Luis Tellería, Francisco Suárez ; dibujantes, Carlos Sáez-Rayuela, José Luis Tellería]. |
| 260 |
_a[Madrid] : _bComunidad de Madrid, Consejería de Agricultura y Ganadería, _c1985. |
||
| 300 |
_a96 p., 11 h. pleg. de lám. ; _c20 cm. |
||
| 700 | 0 |
_aTellería Jorge, José Luis _9109626 |
|
| 700 | 1 |
_aSuárez Cardona, Francisco. _9108591 |
|
| 700 | 0 |
_aSáez-Rayuela, Carlos. _9101384 |
|
| 710 | 2 |
_aMadrid (Comunidad Autónoma). _bConsejería de Agricultura y Ganadería. _95592 |
|
| 852 |
_aES-MaACL _jG-3486 |
||
| 999 |
_c138751 _d138751 |
||